000
00274nam a2200133Ia 4500
100
_a
Ravish R Singh
250
_a
3
942
_c
BK
245
_a
Basic Electrical Engineering
260
_b
McGraw Hill
_c
2019
082
_a
621.392
_b
RAV
546
_a
ENGLISH
999
_c
25692
_d
25692